000 005510000a22001810004500
003 MACL
005 20160320140444.0
008 160320b xxu||||| |||| 00| 0 eng d
040 _aMACL
_cMACL
041 _aHindi
082 _a004
100 _aडॉ सी.एल .गर्ग
_947763
245 _aसूचना एवं दूरसंचार प्रौघोगिकी
260 _aदिल्‍ली
_bपूनम पुस्‍तक भवन
_c2011
350 _a250
650 _aComputer
_947764
942 _cHIN
_k004
_2ddc
999 _c46348
_d46348